Seguridad alimentaria y conservación de bosques en América Latina y el Caribe continental (1990-2010): tendencias y desafíos = Food security and forest conservation in Latin America and the Caribbean continental (1990-2010): tendencies and challenges /
שמור ב:
| מחבר ראשי: | |
|---|---|
| פורמט: | Texto |
| תגים: |
הוספת תג
אין תגיות, היה/י הראשונ/ה לתייג את הרשומה!
|
MARC
| LEADER | 00000 a a2200000 04500 | ||
|---|---|---|---|
| 001 | 48742 | ||
| 003 | |||
| 040 | |||
| 100 | |a Garrido-Pérez, Edgardo I. | ||
| 245 | |a Seguridad alimentaria y conservación de bosques en América Latina y el Caribe continental (1990-2010): tendencias y desafíos = |b Food security and forest conservation in Latin America and the Caribbean continental (1990-2010): tendencies and challenges / |c Edgardo I. Garrido-Pérez | ||
| 773 | |a volumen13, número25, (2015), páginas 79-100 : tablas, gráficos | ||
| 999 | |c 25579 |d 25579 | ||
